| 000 | 00355nam a2200145Ia 4500 | ||
|---|---|---|---|
| 008 | 150201s2005 xx 000 0 und d | ||
| 082 |
_a616.84 _bN05W |
||
| 100 | _aWASIA,NASHIR H | ||
| 245 | _aNEUROLOGY PRACTICE | ||
| 250 | _a1ST | ||
| 260 |
_bELSEVIER _aDELHI _c2005 |
||
| 300 | _a1-737 | ||
| 650 | _aOTHER CLINICAL & NON CLINICAL BOOKS | ||
| 942 |
_2ddc _cBK |
||
| 999 |
_c578 _d578 |
||